[Event "Moscow Tal Memorial 10th"]
[Site "Moscow"]
[Date "2016.09.29"]
[Round "3"]
[White "Nepomniachtchi, Ian"]
[Black "Kramnik, Vladimir"]
[Result "1-0"]
[WhiteElo "2740"]
[BlackElo "2808"]
[Annotator "Marin,M"]
[PlyCount "93"]
[EventDate "2016.09.26"]
[EventType "tourn"]
[EventRounds "9"]
[EventCountry "RUS"]
[EventCategory "21"]
[SourceTitle "CBM 175"]
[Source "ChessBase"]
[SourceDate "2016.11.10"]
[SourceVersion "1"]
[SourceVersionDate "2016.11.10"]
[SourceQuality "1"]

1. c4 e6 2. Nc3 c5 3. Nf3 Nf6 4. g3 b6 5. Bg2 Bb7 6. O-O Be7 {As far as I know
Black had two traditional move orders. The differences are mainly relevant
from the point of view of the plan based on Bg5 as played in this game.} ({
I usually play} 6... a6 7. d4 cxd4 8. Qxd4 d6 9. Bg5 Nbd7 {avoiding the lines
with 10.Bxf6 Bxf6. Here is a relatively recent example in which Black held his
own rather well:} 10. Qd2 Rc8 11. b3 Be7 12. Rfd1 O-O 13. Bf4 Ne8 {For the
time being Black's position looks cramped but he will restore his coordination
soon.} 14. Rac1 h6 15. e4 Qc7 16. Qe2 Qb8 17. Be3 Nef6 18. Nd2 Rfe8 19. f4 Qa8
{Grischuk,A (2795)-Perunovic,M (2602) Tromso 2014 (½-½, 32), with a normal
Hedgehog.}) 7. d4 cxd4 8. Qxd4 O-O ({The alternative is} 8... d6 9. Bg5 a6 10.
Bxf6 Bxf6 11. Qf4 {Carlsen,M (2835)-Gashimov,V (2761) Wijk aan Zee 2012 CBM
147 [Carlsen,M] (1-0, 67)}) 9. Rd1 d6 10. Bg5 {One can play the Hedgehog in
various states of mind. If Black is aiming for a long unforcing fight with
chances to outplay the opponent in the long run, this is not the way of doing
it. But of he mainly wants to equalise and is prepared to abandon the typical
Hedgehog structure the line looks OK. Traditionally, Black was supposed to
land up in a unpleasant position but recent findings have slightly changed
this view.} Nc6 {The natural square for this knight is d7. After the last move
one of the main questions is whether he can relocate it with ...Ne5-d7.} (10...
Nbd7 {allows} 11. Nb5 d5 12. cxd5 Bxd5 (12... exd5 {Huzman,A (2574)-Adams,M 
(2755) Neum 2000 CBM 080 [Stohl,I] (1-0, 52), offers White a pleasant fight
against the Isolani.}) 13. Nc3 Bc6 {White has achieved a pleasant Catalan
structure but proving a concrete advantage is no trivial matter.} 14. Qc4 Qc8
15. Rac1 h6 16. Bxf6 Bxf6 17. e4 Ne5 18. Nxe5 Bxe5 19. f4 Bxc3 20. Qxc3 Bb5 21.
Qa3 Qa6 22. Qxa6 Bxa6 23. e5 Rac8 {Eljanov,P (2717)-Jakovenko,D (2748) Germany
2015 (½-½, 43), and Black managed to hold a draw.}) 11. Qf4 ({More active
than} 11. Qd2 {as faced by Kramnik two rounds earlier:} Qb8 12. Rac1 (12. Bxf6
Bxf6 13. Qxd6 Qxd6 14. Rxd6 Na5 {does not promise much:} 15. Nd2 Bxg2 16. Kxg2
Rfd8 17. Rxd8+ Rxd8 18. Nde4 Bxc3 19. Nxc3 Nxc4 20. b3 Na3 $11 {Mirzoev,A 
(2553)-Solodovnichenko,Y (2557) Milan 2012 (½-½, 31)}) 12... Rd8 13. b3 h6
14. Bf4 Ne5 15. Nd4 Bxg2 16. Kxg2 Qb7+ 17. f3 {Black has a proper hedgehog
regrouping and no problems at all.} g5 $6 {Kramnik,V (2799)-Carlsen,M (2733)
Corus Wijk aan Zee 2008 (12) 0-1 But this resolute move creates some! Kramnik
might have been "inspired" by the unpleasant experience in} (17... Ng6 18. Be3
d5 $11) 18. Be3 d5 19. Bxg5 hxg5 $6 ({Black should have looked for
complications with} 19... Ne4 $5 20. Nxe4 dxe4 21. Bxe7 exf3+) 20. Qxg5+ Ng6
21. Nxe6 Rd6 22. Nf4 Ne4 23. Qg4 Nxc3 24. Rxc3 d4 25. Rcd3 Rad8 26. Nd5 Bf8 27.
Rxd4 $16 {Svidler,P (2745)-Kramnik,V (2808) Moscow 2016 (½-½, 66), with four
pawns for a bishop.}) 11... Qb8 12. Bxf6 {Abstractly speaking a concession.} ({
In practice Black has faced problems after the slightly more consistent} 12.
Rd2 Ne5 (12... Na5 $5 $146 13. b3 h6 14. Bxf6 Bxf6 15. Rc1 Be7 $11) 13. Nxe5 (
13. Rad1 Nh5 14. Qh4 Nxf3+ 15. Bxf3 Bxf3 $2 16. Bxe7 {1-0 Pantsulaia,L (2612)
-Solodovnichenko,Y (2587) Konya 2016}) 13... dxe5 14. Qh4 Bxg2 15. Kxg2 Qb7+
16. f3 Rac8 17. Rad1 e4 18. b3 exf3+ 19. exf3 $14 {Karpov,A (2725)-Smirin,I 
(2500) Moscow 1988 (1-0, 46)}) ({The forced sequence after} 12. Nb5 {speaks
volumes about Black's main aim in this line:} Ne5 13. Bxf6 Bxf6 14. Nxd6 Nxf3+
15. Bxf3 Bxf3 16. Qxf3 Bxb2 17. Rab1 Be5 18. c5 Qc7 19. Qe4 Qxc5 20. Rbc1 Bxd6
21. Rxc5 Bxc5 {and Black held a draw in a series of games, the most recent one
being Khairullin,I (2662)-Lysyj,I (2673) Chita 2015 (1/2-1/2, 41)}) 12... Bxf6
13. Rxd6 {This is the difference with respect with 11.Qf4.} (13. Qxd6 {would
just transpose.}) 13... Na5 (13... Nd4 $6 14. Nxd4 (14. Rxd4 e5 15. Qd2 exd4
16. Nxd4 Bxg2 17. Kxg2 Bxd4 18. Qxd4 Rd8 19. Nd5 {also offers White a small
edge}) 14... Bxg2 15. Nc2 (15. Ndb5 $5 Bb7 16. Rd3 $14 {is a bit more active.})
15... Bb7 16. Rad1 Qc7 17. R6d3 $14 {Nakamura,H (2816)-Gurevich,D (2472) Las
Vegas 2015 (1-0, 53)}) 14. Rad1 Qc7 (14... Rc8 {is equally good.} 15. c5 $5 (
15. Ne4 Bxe4 16. Qxe4 Nxc4 $11 {[%csl Gb2] Pantsulaia,L (2615)-Drori,S (2173)
Jerusalem 2015 (1/2-1/2, 48)}) 15... bxc5 (15... Rxc5 16. Ne4 Bxe4 17. Qxe4 $14
Bxb2 $4 18. Qxa8 $1 Qxa8 19. Rd8+) (15... h6 16. cxb6 Nc4 17. Rd7 axb6 $44) 16.
Qa4 Nc6 17. Ne4 Be7 {Ghaem Maghami,E (2547)-Papin,V (2506) Rasht 2014 (1/2-1/2,
19)} 18. Rd7 $16) 15. Rd7 Qxf4 16. gxf4 {As in many Catalan lines, the f4-pawn
ensures White better control in the centre than if the queen exchange had
taken place in a different way.} Bc6 $146 (16... Rac8 17. Nd4 Bxg2 18. Kxg2
Nxc4 19. b3 Nb2 20. Rc1 Rc5 21. Rc2 Rfc8 22. Rxb2 Bxd4 23. Rd2 Bf6 24. Ne4 R5c7
{Shimanov,A (2639)-Carlsson,P (2436) Atlantic City 2016 (1-0, 66), with a
symbolic advantage to White.}) 17. Ng5 {The rook had no favourable squares for
retreating.} (17. R7d3 Nxc4 $36 {[%csl Gd1,Gd3][%cal Gc4b2]}) (17. Rc7 Bxc3 18.
bxc3 Rfc8 19. Rxc8+ Rxc8 20. c5 $5 {Geting rid of the weakness.} bxc5 21. Ne5
$11) 17... Bxd7 $5 {This leads to interesting play with opposite-coloured
bishops.} ({At first sight,} 17... Bxg2 18. Kxg2 Nxc4 {looks viable for Black.}
) 18. Bxa8 Bxc3 (18... Rxa8 19. Rxd7 Bxg5 20. fxg5 Nxc4 21. b3 Ne5 22. Rb7 $14)
19. Rxd7 (19. bxc3 $2 Ba4 $19) 19... Bxb2 20. Be4 h6 21. Nf3 Nxc4 22. Rxa7 Rc8
{White's rook is more active and the bishops of opposite colours offer him
chances for an attack if Black plays carelessly. But in principle the position
is balanced.} 23. Kg2 Bf6 24. Bd3 g5 {This shows Kramnik's wish to unbalance
the position.} (24... Nb2 $5 25. Ba6 ({If} 25. Bb5 {the knight can escape the
bishop's domination with} Nd1 {[%cal Gd1c3]}) 25... Rc5 26. Rb7 Ra5 $11) ({
The most solid continuation is} 24... g6 $5 {stabilising the kingside.} 25. a4
Kg7 26. Rb7 (26. e4 Bc3) 26... Nb2 27. Bb5 Ra8 $11) 25. f5 g4 {Another
ambitious move.} (25... exf5 {should lead to a draw:} 26. Bxf5 Rc5 27. Bg4 Ne5
28. Bh5 (28. Nxe5 Rxe5 29. Bh5 Re7 $11) 28... Ra5 29. Rb7 Ng6 $11) 26. Ne1 e5 {
Black has got a mobile kingside majority and the white knight looks passive.
But Kramnik must have underestimated the subsequent manoeuvre Nc2-b4-d5.} 27.
Nc2 h5 28. Nb4 Kg7 29. Nd5 Bh4 $6 {Black will now be too slow in creating
counterplay.} (29... Nd2 $1 {[%cal Ge5e4,Gc8c1,Gf6h4,Gc1f1]} 30. Nxb6 ({
The same move as in the game does not work so well now:} 30. h3 Rc5 31. Rd7 (
31. e4 Nf3) 31... e4 32. Ba6 Ra5 33. Bb7 Rxa2 34. hxg4 hxg4) 30... Rc1 {
[%cal Ge5e4]} 31. Ra4 Bh4 {[%cal Gc1f1]} 32. Nc4 e4 $1 33. Nxd2 exd3 34. exd3
Rd1 35. Ne4 Rxd3 {and due to the kingside weaknesses White has no realistic
winning chances.}) 30. h3 Rc5 (30... Nd2 31. hxg4 hxg4 (31... Rc5 32. e4 hxg4
33. Ne3) 32. Ra4 $16 {[%csl Ge4,Gg4]}) (30... gxh3+ 31. Kxh3 $16 Bxf2 $6 32.
f6+ Kf8 33. Ne7 Rd8 34. Nf5 (34. Bxc4 $2 b5 $1) 34... b5 35. Rb7 $18) 31. hxg4
$2 {White should not have helped Black to clear the h5-square.} ({He should
have played the same plan as in the game without the pawn exchange:} 31. Nc7 $1
Kh6 32. Ne8 Nb2 33. Nd6 Nxd3 34. exd3 Rc2 35. Nxf7+ Kg7 36. hxg4 hxg4 (36...
Rxf2+ 37. Kh3 Bf6 38. g5 $18) (36... Bxf2 37. g5 $18) 37. Nxe5+ Kf6 38. Nxg4+)
31... hxg4 32. Nc7 Kh6 33. Ne8 Nb2 (33... Nd2 34. Nd6 $16) 34. Be4 ({After the
pawn exchange} 34. Nd6 {is inoffensive:} Nxd3 35. exd3 Rc2 36. Nxf7+ Kh5 $1 $11
) 34... Nd1 35. Nd6 Kg5 (35... Nxf2 $2 36. Nxf7+ Kh5 (36... Kg7 37. Nd8+ Kh6
38. f6 $18) 37. Ra8 $18 {The only way of parrying Rh8 mate is} Bf6 38. Kxf2)
36. Rxf7 Bxf2 $2 {The losing move. Most likely Kramnik overlooked White's 38th
move.} ({After} 36... Nxf2 {the position remains unclear.}) 37. Rg7+ Kf4 {
It looks as if Black's attack is breaking through but...} 38. e3+ $3 {Spoiling
Black's coordination.} (38. f6 $2 Bh4 39. f7 $2 Ne3+ 40. Kh2 Bg3+ 41. Kg1 Rc1#)
38... Kxe3 (38... Bxe3 {dismantles the mating mechanism offering White a
decisive tempo.} 39. f6 Bd4 40. f7 Ne3+ 41. Kh2 Nf1+ 42. Kh1 $18 {In this line
it is essential that there is no check on c2.}) 39. Rxg4 Kd2 (39... Be1 40. f6
$18) (39... Nc3 40. f6 Rc7 41. Bf5 Ra7 42. f7 Ra8 43. Ne8 $18) 40. Bf3 Ne3+ 41.
Kxf2 Nxg4+ 42. Bxg4 {The rest is easy.} Rd5 43. Ne4+ Kd3 44. f6 Ra5 45. Be2+
Kd4 46. f7 Ra8 47. Ng5 1-0

[Event "Medias Kings m rapid 10th"]
[Site "Medias"]
[Date "2016.11.28"]
[Round "1"]
[White "Kramnik, Vladimir"]
[Black "Hou, Yifan"]
[Result "1-0"]
[WhiteElo "2810"]
[BlackElo "2635"]
[PlyCount "73"]
[EventDate "2016.11.28"]
[EventType "match (rapid)"]
[EventRounds "8"]
[EventCountry "ROU"]
[SourceTitle "CBM 175 Extra"]
[Source "ChessBase"]
[SourceDate "2016.12.12"]
[SourceVersion "1"]
[SourceVersionDate "2016.12.12"]
[SourceQuality "1"]

1. d4 Nf6 2. Bf4 e6 3. e3 c5 4. Nf3 Nc6 5. Nbd2 d5 6. c3 Bd6 7. Bg3 O-O 8. Bd3
b6 9. Qe2 Bb7 10. Rd1 Ne7 11. O-O Qc7 12. Bxd6 Qxd6 13. Ne5 Rad8 14. Qf3 Ng6
15. Bxg6 hxg6 16. Qh3 Ba6 17. Rfe1 Nh7 18. f4 Bb5 19. Ndf3 Qe7 20. Qg3 Be8 21.
Rf1 Qf6 22. Ng5 Qe7 23. Rf3 f6 24. Nxh7 fxe5 25. Ng5 Rf5 26. Qh4 Bf7 27. g4
Qxg5 28. Qxg5 Rxg5 29. fxg5 cxd4 30. cxd4 Rc8 31. Rdf1 Rc7 32. h4 exd4 33. exd4
e5 34. dxe5 Be6 35. Rf8+ Kh7 36. Re8 Bf7 37. Rd8 1-0

[Event "Medias Kings m rapid 10th"]
[Site "Medias"]
[Date "2016.11.28"]
[Round "2"]
[White "Hou, Yifan"]
[Black "Kramnik, Vladimir"]
[Result "0-1"]
[WhiteElo "2635"]
[BlackElo "2810"]
[PlyCount "126"]
[EventDate "2016.11.28"]
[EventType "match (rapid)"]
[EventRounds "8"]
[EventCountry "ROU"]
[SourceTitle "CBM 175 Extra"]
[Source "ChessBase"]
[SourceDate "2016.12.12"]
[SourceVersion "1"]
[SourceVersionDate "2016.12.12"]
[SourceQuality "1"]

1. e4 e6 2. d4 d5 3. Nd2 c5 4. exd5 Qxd5 5. dxc5 Nf6 6. Ngf3 Qxc5 7. Bd3 Nbd7
8. Qe2 Qc7 9. Nb3 Be7 10. O-O O-O 11. a4 b6 12. Re1 Bb7 13. a5 bxa5 14. Nfd4
Nc5 15. Nxa5 Nxd3 16. Qxd3 Bb4 17. Bd2 Be4 18. Qe2 Bd6 19. Nb5 Bxh2+ 20. Kh1
Qb8 21. Bg5 Be5 22. Ra4 a6 23. Na3 Bxb2 24. Bxf6 Bxg2+ 25. Kxg2 Bxf6 26. Qe4
Qc7 27. Nc6 Rfc8 28. Rc4 Qd6 29. Re3 Qd5 30. Qxd5 exd5 31. Ne7+ Bxe7 32. Rxc8+
Rxc8 33. Rxe7 g6 34. Re3 Kg7 35. Rd3 Rc5 36. c3 a5 37. Kf3 h5 38. Ke3 h4 39.
Kf4 f6 40. Kg4 g5 41. f4 Kg6 42. fxg5 fxg5 43. Re3 a4 44. Rd3 Kf6 45. Rf3+ Kg6
46. Rd3 Kh6 47. Re3 Rc6 48. Rd3 Rf6 49. Rd4 Rf1 50. Nc2 Rg1+ 51. Kh3 Rg3+ 52.
Kh2 Rxc3 53. Rd2 a3 54. Nd4 Kg6 55. Ra2 g4 56. Nb5 Rc5 57. Nxa3 Ra5 58. Ra1 d4
59. Rg1 g3+ 60. Kh3 Rxa3 61. Kxh4 Kf5 62. Kh3 Ke4 63. Re1+ Re3 0-1

[Event "Medias Kings m rapid 10th"]
[Site "Medias"]
[Date "2016.11.28"]
[Round "3"]
[White "Kramnik, Vladimir"]
[Black "Hou, Yifan"]
[Result "1-0"]
[WhiteElo "2810"]
[BlackElo "2635"]
[PlyCount "69"]
[EventDate "2016.11.28"]
[EventType "match (rapid)"]
[EventRounds "8"]
[EventCountry "ROU"]
[SourceTitle "CBM 175 Extra"]
[Source "ChessBase"]
[SourceDate "2016.12.12"]
[SourceVersion "1"]
[SourceVersionDate "2016.12.12"]
[SourceQuality "1"]

1. d4 Nf6 2. Bf4 c5 3. d5 e6 4. Nc3 d6 5. e4 a6 6. dxe6 Bxe6 7. e5 dxe5 8.
Qxd8+ Kxd8 9. Bxe5 Nbd7 10. O-O-O Kc8 11. Bg3 Be7 12. Be2 Rd8 13. Nh3 Bxh3 14.
gxh3 b5 15. Rhe1 Bf8 16. a4 c4 17. Bf3 Ra7 18. axb5 axb5 19. Kb1 Ra5 20. Bc6
Bb4 21. Nxb5 Bxe1 22. Nd6+ Kc7 23. Nxf7+ Kxc6 24. Nxd8+ Kb5 25. Rxe1 Nc5 26.
Re5 Nfd7 27. Rg5 g6 28. Nb7 Ra6 29. Nd6+ Kb4 30. f3 Rc6 31. Be1+ Ka4 32. b3+
Nxb3 33. cxb3+ Kxb3 34. Rb5+ Ka3 35. Kc2 1-0

[Event "Medias Kings m rapid 10th"]
[Site "Medias"]
[Date "2016.11.28"]
[Round "4"]
[White "Hou, Yifan"]
[Black "Kramnik, Vladimir"]
[Result "1/2-1/2"]
[WhiteElo "2635"]
[BlackElo "2810"]
[PlyCount "64"]
[EventDate "2016.11.28"]
[EventType "match (rapid)"]
[EventRounds "8"]
[EventCountry "ROU"]
[SourceTitle "CBM 175 Extra"]
[Source "ChessBase"]
[SourceDate "2016.12.12"]
[SourceVersion "1"]
[SourceVersionDate "2016.12.12"]
[SourceQuality "1"]

1. e4 e6 2. d4 d5 3. Nc3 Bb4 4. Qd3 Ne7 5. a3 Bxc3+ 6. bxc3 O-O 7. Nf3 b6 8.
Qe3 Ba6 9. Bd3 c5 10. dxc5 Bxd3 11. cxd3 Qc7 12. Rb1 bxc5 13. O-O Nd7 14. Qg5
dxe4 15. dxe4 Ng6 16. h4 Nf6 17. Re1 h6 18. Qd2 Rad8 19. Qe2 Ng4 20. h5 Nf4 21.
Bxf4 Qxf4 22. g3 Qf6 23. e5 Qf5 24. Nh4 Qg5 25. Rb2 Rd5 26. Nf3 Qxh5 27. Kg2
Rfd8 28. Rh1 Qg6 29. Nh4 Qg5 30. f4 Qh5 31. Nf3 Qf5 32. Nh4 Qg6 1/2-1/2

[Event "Medias Kings m rapid 10th"]
[Site "Medias"]
[Date "2016.11.29"]
[Round "5"]
[White "Kramnik, Vladimir"]
[Black "Hou, Yifan"]
[Result "1-0"]
[WhiteElo "2810"]
[BlackElo "2635"]
[PlyCount "129"]
[EventDate "2016.11.28"]
[EventType "match (rapid)"]
[EventRounds "8"]
[EventCountry "ROU"]
[SourceTitle "CBM 175 Extra"]
[Source "ChessBase"]
[SourceDate "2016.12.12"]
[SourceVersion "1"]
[SourceVersionDate "2016.12.12"]
[SourceQuality "1"]

1. d4 Nf6 2. Nf3 d5 3. e3 e6 4. Bd3 b6 5. O-O Bb7 6. Nbd2 Bd6 7. Qe2 c5 8. dxc5
Bxc5 9. e4 Nc6 10. c3 dxe4 11. Nxe4 Be7 12. Bf4 Nd5 13. Bg3 O-O 14. Rad1 Qc8
15. Nd6 Bxd6 16. Bxd6 Rd8 17. Bg3 h6 18. Bb1 Nf6 19. Rxd8+ Qxd8 20. Rd1 Qe8 21.
Nd4 Nxd4 22. Rxd4 Rd8 23. Qd1 Rd5 24. c4 Rxd4 25. Qxd4 Nd7 26. Qd6 Qc8 27. Qc7
Qxc7 28. Bxc7 Kf8 29. b4 Ke7 30. f3 Ba6 31. Bd3 Kf6 32. Kf2 e5 33. a4 Ke6 34.
Ke3 f5 35. a5 Bb7 36. Bc2 bxa5 37. Bxa5 a6 38. Bc7 Bc6 39. g4 g6 40. gxf5+ gxf5
41. f4 e4 42. h3 Nf6 43. Bd8 Ne8 44. Kd4 Ng7 45. Bb3 Nh5 46. Bc7 Nf6 47. Be5
Bb7 48. Ba4 Nd7 49. Bg7 h5 50. Bh6 Nf6 51. Bg5 Nh7 52. Bd8 Nf6 53. Bd1 h4 54.
Be2 e3 55. Kxe3 Bg2 56. Bxf6 Kxf6 57. c5 Bxh3 58. Bxa6 Ke7 59. Bd3 Ke6 60. b5
Kd5 61. b6 Kc6 62. Be2 Kb7 63. Bf3+ Kc8 64. Kf2 Kd7 65. c6+ 1-0

[Event "Medias Kings m rapid 10th"]
[Site "Medias"]
[Date "2016.11.29"]
[Round "6"]
[White "Hou, Yifan"]
[Black "Kramnik, Vladimir"]
[Result "1-0"]
[WhiteElo "2635"]
[BlackElo "2810"]
[PlyCount "135"]
[EventDate "2016.11.28"]
[EventType "match (rapid)"]
[EventRounds "8"]
[EventCountry "ROU"]
[SourceTitle "CBM 175 Extra"]
[Source "ChessBase"]
[SourceDate "2016.12.12"]
[SourceVersion "1"]
[SourceVersionDate "2016.12.12"]
[SourceQuality "1"]

1. e4 e6 2. d4 d5 3. Nc3 Bb4 4. e5 Ne7 5. a3 Bxc3+ 6. bxc3 b6 7. Qg4 Ng6 8. h4
h5 9. Qg3 Ba6 10. Bxa6 Nxa6 11. Ne2 Qd7 12. a4 c5 13. O-O Rc8 14. Qd3 Nb8 15.
Bg5 Nc6 16. Ng3 Nge7 17. Rfd1 cxd4 18. cxd4 Nf5 19. Nxf5 exf5 20. Qg3 g6 21.
Rab1 O-O 22. Rb5 Nd8 23. Qf3 Ne6 24. Bf6 Rxc2 25. Qxd5 Qc8 26. Qb3 Rc1 27. Kh2
Rc3 28. Qb4 Rc4 29. Qd2 Kh7 30. d5 Nc5 31. d6 Qd7 32. Qd5 Rxa4 33. Rxc5 bxc5
34. Be7 Kg8 35. Bxf8 Rxh4+ 36. Kg1 Kxf8 37. Qxc5 Kg7 38. Qc3 Kh7 39. e6 fxe6
40. Qf6 Qa4 41. Rc1 Rc4 42. Qe7+ Kh6 43. Rxc4 Qxc4 44. Qc7 Qf4 45. Qc5 Qa4 46.
Qe3+ Kg7 47. Qxe6 Qd1+ 48. Kh2 Qd4 49. Qe7+ Kg8 50. Qd8+ Kf7 51. Qd7+ Kg8 52.
Qc8+ Kf7 53. Qd7+ Kg8 54. Qe6+ Kg7 55. Qe7+ Kg8 56. Qc7 Qxf2 57. Qc4+ Kf8 58.
Qc8+ Kg7 59. Qc3+ Kf7 60. Qc7+ Ke6 61. Qe7+ Kd5 62. d7 Qf4+ 63. g3 Qf2+ 64. Kh3
Qf1+ 65. Kh4 g5+ 66. Kxg5 Qc1+ 67. Kg6 Qc6+ 68. Kf7 1-0

[Event "Medias Kings m rapid 10th"]
[Site "Medias"]
[Date "2016.11.29"]
[Round "7"]
[White "Kramnik, Vladimir"]
[Black "Hou, Yifan"]
[Result "1-0"]
[WhiteElo "2810"]
[BlackElo "2635"]
[PlyCount "65"]
[EventDate "2016.11.28"]
[EventType "match (rapid)"]
[EventRounds "8"]
[EventCountry "ROU"]
[SourceTitle "CBM 175 Extra"]
[Source "ChessBase"]
[SourceDate "2016.12.12"]
[SourceVersion "1"]
[SourceVersionDate "2016.12.12"]
[SourceQuality "1"]

1. d4 Nf6 2. Nf3 e6 3. e3 b6 4. Bd3 Bb7 5. O-O c5 6. c4 g6 7. d5 exd5 8. cxd5
Bg7 9. e4 d6 10. Nc3 O-O 11. h3 Ba6 12. Bf4 Bxd3 13. Qxd3 a6 14. Rad1 Ne8 15.
e5 Ra7 16. Rfe1 b5 17. Ne4 dxe5 18. Nxe5 Bxe5 19. Bxe5 Nd7 20. Bf4 Ng7 21. Bd6
Re8 22. Bxc5 Nxc5 23. Nxc5 Rxe1+ 24. Rxe1 Nf5 25. Ne4 Rc7 26. d6 Rc4 27. d7 Kg7
28. Nd6 Nxd6 29. Qxd6 Rc7 30. Rd1 Rb7 31. Qe5+ Kh6 32. Qe8 Rb8 33. Qxf7 1-0

[Event "Medias Kings m rapid 10th"]
[Site "Medias"]
[Date "2016.11.29"]
[Round "8"]
[White "Hou, Yifan"]
[Black "Kramnik, Vladimir"]
[Result "1-0"]
[WhiteElo "2635"]
[BlackElo "2810"]
[PlyCount "96"]
[EventDate "2016.11.28"]
[EventType "match (rapid)"]
[EventRounds "8"]
[EventCountry "ROU"]
[SourceTitle "CBM 175 Extra"]
[Source "ChessBase"]
[SourceDate "2016.12.12"]
[SourceVersion "1"]
[SourceVersionDate "2016.12.12"]
[SourceQuality "1"]

1. e4 e6 2. d4 d5 3. Nc3 Bb4 4. e5 Ne7 5. Bd2 b6 6. f4 O-O 7. Nf3 c5 8. Nb5
Bxd2+ 9. Qxd2 Ba6 10. c3 Nbc6 11. Be2 Na5 12. O-O Qd7 13. Nd6 Bxe2 14. Qxe2 Nc8
15. Nxc8 Raxc8 16. Rad1 Qe7 17. Rd3 h6 18. Kh1 Nc6 19. a3 Rc7 20. h3 Rfc8 21.
Qf2 cxd4 22. cxd4 Na5 23. f5 Rc2 24. Qg3 exf5 25. Nh4 Rc1 26. Rdf3 Qg5 27. Qxg5
hxg5 28. Nxf5 Rxf1+ 29. Rxf1 Rc7 30. Kh2 Nb3 31. Rf3 Nd2 32. Rd3 Rc2 33. b4 Nc4
34. Ne7+ Kf8 35. Nxd5 Rd2 36. Rxd2 Nxd2 37. Ne3 b5 38. Kg3 Nb1 39. Nc2 Ke7 40.
Kg4 Ke6 41. Kxg5 Kd5 42. h4 Nc3 43. h5 Ne2 44. Ne3+ Kxd4 45. Nf5+ Kxe5 46. Nxg7
f6+ 47. Kg6 Nf4+ 48. Kf7 Kd5 1-0

[Event "Medias Kings m blitz 10th"]
[Site "Medias"]
[Date "2016.11.30"]
[Round "1"]
[White "Kramnik, Vladimir"]
[Black "Hou, Yifan"]
[Result "1-0"]
[WhiteElo "2809"]
[BlackElo "2651"]
[PlyCount "91"]
[EventDate "2016.11.30"]
[EventType "match (blitz)"]
[EventRounds "10"]
[EventCountry "ROU"]
[SourceTitle "CBM 175 Extra"]
[Source "ChessBase"]
[SourceDate "2016.12.12"]
[SourceVersion "1"]
[SourceVersionDate "2016.12.12"]
[SourceQuality "1"]

1. Nf3 c5 2. e3 g6 3. d4 cxd4 4. exd4 d5 5. Bd3 Bg7 6. c3 Nc6 7. O-O Nf6 8. Re1
O-O 9. Bg5 Bf5 10. Bxf5 gxf5 11. Bxf6 Bxf6 12. Nbd2 e6 13. Nb3 Kh8 14. Nc5 Qc7
15. Qd2 Rg8 16. Nd3 Rg4 17. g3 Rag8 18. Kh1 Re4 19. Nc5 Rxe1+ 20. Rxe1 Ne7 21.
Nd3 Nc6 22. Nf4 Qd8 23. b4 a6 24. a4 Ne7 25. Nh5 Nc8 26. Nxf6 Qxf6 27. Qf4 Ne7
28. Qc7 f4 29. Qxf4 Qxf4 30. gxf4 Rc8 31. Ne5 Kg7 32. Rg1+ Ng6 33. Rg3 Kf6 34.
a5 Rc7 35. Rh3 Kg7 36. Rf3 Kf6 37. Rh3 Nxf4 38. Rxh7 Ne2 39. h4 Nxc3 40. h5 Ne4
41. h6 Nxf2+ 42. Kg2 Ne4 43. Rg7 Rc2+ 44. Kf3 Rf2+ 45. Ke3 Rh2 46. Ng4+ 1-0

[Event "Medias Kings m blitz 10th"]
[Site "Medias"]
[Date "2016.11.30"]
[Round "3"]
[White "Kramnik, Vladimir"]
[Black "Hou, Yifan"]
[Result "0-1"]
[WhiteElo "2809"]
[BlackElo "2651"]
[PlyCount "103"]
[EventDate "2016.11.30"]
[EventType "match (blitz)"]
[EventRounds "10"]
[EventCountry "ROU"]
[SourceTitle "CBM 175 Extra"]
[Source "ChessBase"]
[SourceDate "2016.12.12"]
[SourceVersion "1"]
[SourceVersionDate "2016.12.12"]
[SourceQuality "1"]

1. d4 Nf6 2. Nf3 d5 3. c4 e6 4. e3 b6 5. Nc3 Bb7 6. cxd5 Nxd5 7. Bb5+ c6 8. Bd3
g6 9. O-O Bg7 10. e4 Ne7 11. Bg5 O-O 12. Qc1 Nd7 13. Rd1 Rc8 14. e5 c5 15. Be4
Bxe4 16. Nxe4 f6 17. exf6 Nxf6 18. dxc5 Ned5 19. c6 Qc7 20. Bxf6 Bxf6 21. Nxf6+
Rxf6 22. Nd4 Nf4 23. Qe3 e5 24. Ne2 Qxc6 25. Nxf4 exf4 26. Qd2 Rf7 27. Rac1 Qb7
28. Rxc8+ Qxc8 29. f3 Qc5+ 30. Kh1 Kg7 31. h3 h5 32. Re1 Qf5 33. Re4 Qf6 34. a4
a5 35. Kh2 Kh7 36. b4 axb4 37. Qxb4 Qg5 38. Qxb6 Qg3+ 39. Kg1 Rd7 40. Qb1 Rd2
41. Qf1 Qg5 42. Kh1 Qd5 43. Kh2 Qg5 44. Re2 Rd4 45. Qa1 Qd5 46. a5 Qd7 47. Re7+
Qxe7 48. Qxd4 Qg5 49. Qd2 Qf5 50. a6 Qc8 51. Qa5 Qa8 52. a7 0-1